| 000 | 01037cam a2200289 a 4500 | ||
|---|---|---|---|
| 001 | 2331826 | ||
| 003 | NUST - PNEC | ||
| 005 | 20170116180832.0 | ||
| 008 | 820331s1983 enka 001 0 eng | ||
| 010 | _a 82004351 | ||
| 020 | _a0521287634 (pbk.) | ||
| 020 | _a0521245133 | ||
| 040 |
_aDLC _cLIBRARY _dDLC |
||
| 050 | 0 | 0 |
_aQA331 _b.S85 1983 |
| 082 | 0 | 0 | _a515.9 STE |
| 100 | 1 |
_aStewart, Ian, _d1945- |
|
| 245 | 1 | 0 |
_aComplex analysis : the hitchhiker's guide to the plane / _cIan Stewart, David Tall. |
| 260 |
_aCambridge [Cambridgeshire] ; _aNew York : _bCambridge University Press, _c1983. |
||
| 300 |
_aviii, 290 p. : _bill. ; _c24 cm. |
||
| 500 | _aIncludes index. | ||
| 650 | 0 |
_aFunctions of complex variables. _xME |
|
| 700 | 1 | _aTall, David Orme. | |
| 856 | 4 | 2 |
_3Publisher description _uhttp://www.loc.gov/catdir/description/cam022/82004351.html |
| 856 | 4 | 1 |
_3Table of contents only _uhttp://www.loc.gov/catdir/enhancements/fy0632/82004351-t.html |
| 906 |
_a7 _bcbc _corignew _d1 _eocip _f19 _gy-gencatlg |
||
| 942 |
_2ddc _cBK |
||
| 999 |
_c64049 _d64049 |
||